THE ETHIOPIAN LAW OF INTELLECTUAL PROPERTY RIGHTS COPYRIGHTS TRADE MARKS PATENTS UTILITY MODELS AND INDUSTRIAL DESIGNS (Record no. 26755)

MARC details
000 -LEADER
fixed length control field 00447nam a22001457a 4500
003 - CONTROL NUMBER IDENTIFIER
control field OSt
005 - DATE AND TIME OF LATEST TRANSACTION
control field 20220112144252.0
008 - FIXED-LENGTH DATA ELEMENTS--GENERAL INFORMATION
fixed length control field 220112b |||||||| |||| 00| 0 eng d
040 ## - CATALOGING SOURCE
Original cataloging agency HU
Transcribing agency DDC
082 ## - DEWEY DECIMAL CLASSIFICATION NUMBER
Classification number 347/FIK
245 ## - TITLE STATEMENT
Title THE ETHIOPIAN LAW OF INTELLECTUAL PROPERTY RIGHTS COPYRIGHTS TRADE MARKS PATENTS UTILITY MODELS AND INDUSTRIAL DESIGNS
260 ## - PUBLICATION, DISTRIBUTION, ETC.
Place of publication, distribution, etc. ADDIS ABEBA
Name of publisher, distributor, etc. FIKREMARKOS MERSHO
Date of publication, distribution, etc. 2012
300 ## - PHYSICAL DESCRIPTION
Extent 295P,14CM
942 ## - ADDED ENTRY ELEMENTS (KOHA)
Source of classification or shelving scheme Dewey Decimal Classification
Koha item type Books like text book referance book
Suppress in OPAC No
Holdings
Withdrawn status Lost status Source of classification or shelving scheme Damaged status Not for loan Home library Current library Shelving location Date acquired Total Checkouts Full call number Barcode Date last seen Copy number Price effective from Koha item type
    Dewey Decimal Classification     Law & Governance lLbrary Law & Governance lLbrary General Stacks 01/12/2022   347/FIK LGCLIB00006325 01/12/2022 C9 01/12/2022 Books like text book referance book